Материалы по истории биологии и медицины. Вып. 4: Нестор Максимович-Амбодик (отец русского акушерства) (Запись № 8430132)

Подробности
000 -МАРКЕР
контрольное поле 01276nam2a22002531 4500
001 - ИДЕНТИФИКАТОР ЗАПИСИ
контрольное поле rc\4073199
005 - ИДЕНТИФИКАТОР ВЕРСИИ
контрольное поле 20250610234224.0
035 ## - ДРУГИЕ СИСТЕМНЫЕ НОМЕРА
Идентификатор записи (NLR Aleph) 007966095
100 ## - ДАННЫЕ ОБЩЕЙ ОБРАБОТКИ
Данные общей обработки 20130415d1950 |||y0rusy50 ca
101 0# - ЯЗЫК РЕСУРСА
Язык текста, звукозаписи и т.д. русский
102 ## - СТРАНА ПУБЛИКАЦИИ ИЛИ ПРОИЗВОДСТВА
Страна публикации Российская Федерация
105 ## - ПОЛЕ КОДИРОВАННЫХ ДАННЫХ: ТЕКСТОВЫЕ МАТЕРИАЛЫ, МОНОГРАФИЧЕСКИЕ
Кодированные данные о монографическом текстовом документе y z |||||
200 1# - ЗАГЛАВИЕ И СВЕДЕНИЯ ОБ ОТВЕТСТВЕННОСТИ
Основное заглавие Нестор Максимович-Амбодик (отец русского акушерства)
210 ## - ПУБЛИКАЦИЯ, РАСПРОСТРАНЕНИЕ И ДР.
Дата издания, распространения и т.д. 1950
Место издания, распространения и т.д. Б. м.
461 #0 - УРОВЕНЬ НАБОРА
Встроенное поле 001rc\4073195
-- 2001#$aМатериалы по истории биологии и медицины$eУчеб.-метод. пособие для курсантов и слушателей ВММА$eВып. 1$vВып. 4
Системный номер (АБИС) связанной записи 8430109
Место публикации Ленинград
Дата публикации 1950
Имя издателя, распространителя и т.д. Воен.-мор. мед. акад.
Сведения, относящиеся к заглавию Учеб.-метод. пособие для курсантов и слушателей ВММА : Вып. 1
Заглавие Материалы по истории биологии и медицины
Номер тома Вып. 4
700 #1 - ИМЯ ЛИЦА - ПЕРВИЧНАЯ ОТВЕТСТВЕННОСТЬ
Начальный элемент ввода Дроздова
Часть имени, кроме начального элемента ввода З.А.
702 #1 - ИМЯ ЛИЦА - ВТОРИЧНАЯ ОТВЕТСТВЕННОСТЬ
Код отношения Прочие
Графика поля Кириллица
Материалы, к которым относится поле rus
Начальный элемент ввода Максимович-Амбодик
Часть имени, кроме начального элемента ввода Н.М.
Даты 1744-1812
Расширение инициалов личного имени Нестор Максимович
Системный номер авторитетной/нормативной записи 216859
Идентификатор авторитетной/нормативной записи RU\NLR\AUTH\770216915
801 #0 - ИСТОЧНИК ЗАПИСИ
Страна Российская Федерация
Организация NLR
Правила каталогизации psbo
801 #1 - ИСТОЧНИК ЗАПИСИ
Страна Российская Федерация
Организация ELAR
Источник данных rusmarc
852 ## - МЕСТОНАХОЖДЕНИЕ И ШИФР ХРАНЕНИЯ
Идентификатор организации NLR
Шифр хранения (Call Number) Мд10 Г-4/218
942 ## - ДОПОЛНИТЕЛЬНЫЕ ЭЛЕМЕНТЫ ЗАПИСИ (АБИС)
Тип экземпляра АБИС Книга
980 ## - КОЛЛЕКЦИЯ
Название коллекции Национальная библиография
Экземпляры
Тип экземпляра Дата поступления Библиотека постоянного хранения Библиотека текущего хранения Место хранения Шифр хранения Штрих-код Статус экземпляра
Книга 26.10.2013 РНБ (Садовая) РНБ (Садовая) Русский книжный фонд -Главное здание, Ленинский читальный зал Мд10 Г-4/218 7966095-10